000
00282nam a2200121Ia 4500
008
190107s9999 xx 000 0 und d
020
_a
9781846041051
100
_a
Sogyal rinpoche
245
0
_a
Tibetan book of living & dying
260
_b
Rider Books
365
_b
499/-
942
_c
BK
999
_c
748
_d
748